000 00259nam a22001097a 4500
082 _aRAM
100 _aRamey Robert Lee
245 _aMatrices and computer's in electric circuits analysis
260 _aLondon
_bMcGraw Hill
_c1971
300 _a389
942 _cBK
999 _c13483
_d13483